000 00790nam a2200265Ia 4500
003 OSt
005 20221005104912.0
006 a|||||r|||| 00| 0
007 ta
008 221004b |||||||| |||| 00| 0 hin d
020 _a8126003073
024 _a29177
037 _cTextual
040 _aCRL
_cCRL
_bhin
041 _2hin
_ahin
082 _aO152,1J87:g, N8
100 _aतिवारी, सियाराम
245 0 _aमंझन
246 _aManzana
260 _aदिल्ली
_bसाहित्य अकादेमी
_c1998
300 _a104पृ0
_ccm.
650 _aहिन्दी साहित्य
942 _hO152,1J87:g, N8
_cTEXL
_2cc
999 _c1014128
_d1014128